000 00392nam a22001697a 4500
003 NUST
020 _a 9789350143155
038 _aKhadija
082 _a621.81
_bGIL
100 _aGill, P. S.
_926071
245 _aEngineering Drawing /
_cP.S.Gill
260 _aNew Delhi :
_bS. K. Kataria,
_c2013.
300 _a678 p. ;
_b24 cm.
500 _aPaperback.
563 _aPB
942 _cBK
_2ddc
999 _c34010
_d34010